Pokémon - Les attaques de Noctunoir - Statistiques

Statistiques générales
  • Ce quiz a été pris 14 fois
  • Le résultat moyen est 13 sur 20
Statistiques - réponses
Niveaux Types Noms des attaques % Correct
Niveau 24 Feu Feu Follet
100%
Niveau 42 Spectre Ball'Ombre
89%
Départ Électrique Poing Éclair
89%
Départ Feu Poing Feu
89%
Départ Glace Poing Glace
89%
Départ Spectre Poing Ombre
89%
Départ Spectre Ombre Portée
78%
Niveau 12 Spectre Onde Folie
78%
Niveau 32 Spectre Châtiment
67%
Départ Spectre Étonnement
67%
Niveau 54 Spectre Lien du Destin
67%
Niveau 36 Spectre Malédiction
67%
Niveau 16 Spectre Ombre Nocturne
67%
Départ Normal Groz'Yeux
56%
Niveau 28 Normal Regard Noir
56%
Niveau 20 Ténèbres Représailles
56%
Départ Psy Gravité
33%
Niveau 48 Psy Prescience
33%
Départ Normal Entrave
22%
Départ Normal Étreinte
0%
Aucun quiz correspondant
Distribution des résultats
% des personnes avec chaque résultat
Percentile par nombre de réponses
Votre historique - résultats
Vous n’avez pas pris ce quiz